| 000 | 01037pam a22002894a 4500 | ||
|---|---|---|---|
| 020 | _a0415327024 (hb. : alk. paper) | ||
| 020 | _a0415327032 (pbk. : alk. paper) | ||
| 082 | 0 | 0 |
_a624.15136 _bCRA _cL-26,P-80 |
| 100 | 1 |
_aCraig, R. F. _913287 |
|
| 245 | 1 | 0 |
_asoil mechanics _cR.F. Craig. |
| 250 | _a3rd ed. | ||
| 260 |
_aLondon ; _aNew York : _bSpon Press, _c1986. |
||
| 300 |
_avii, 447 p. : _bill. ; _c26 cm. |
||
| 500 | _aSecond ed.: Soil mechanics / R.F. Craig. Van Nostrand Reinhold, 1978. | ||
| 526 |
_a0 _b0 _c0 _d624_000000000000000_15136CRA |
||
| 526 |
_a0 _b0 _c0 _d624_151360000000000_CRA |
||
| 526 |
_a0 _b0 _c0 _d624_151360000000000_CRA |
||
| 526 |
_a0 _b0 _c0 _d624_151360000000000_CRA |
||
| 526 |
_a0 _b0 _c0 _d624_151360000000000_CRA |
||
| 526 |
_a0 _b0 _c0 _d624_151360000000000_CRA |
||
| 526 |
_a0 _b0 _c0 _d624_151360000000000_CRA |
||
| 526 |
_a0 _b0 _c0 _d624_151360000000000_CRA |
||
| 526 |
_a0 _b0 _c0 _d624_151360000000000_CRA |
||
| 526 |
_a0 _b0 _c0 _d624_151360000000000_CRA |
||
| 650 | 0 | _aSoil mechanics. | |
| 942 |
_2ddc _cBK |
||
| 999 |
_c549627 _d549627 |
||